| 000 | 00445nam a2200121 a 4500 | ||
|---|---|---|---|
| 001 | 000038304 | ||
| 005 | 20201002031223.0 | ||
| 008 | 130408s2006 dr a 000 0 spa d | ||
| 040 |
_aDO-SdBNP _bspa _cBNPHU |
||
| 245 | 0 | 0 |
_aForja de esperanza : _bMemorias Intermón Oxfam en República Dominicana 1992-2005 / _cOxfam Internacional en República Dominicana. |
| 260 |
_aSanto Domingo : _bOxfam Internacional , _c2006. |
||
| 300 |
_a165 p. : _bil. ; _c23 cm. |
||
| 999 |
_c37794 _d37794 |
||